CPLP Countries - Statistics

General Stats
  • This quiz has been taken 45 times
  • The average score is 7 of 9
Answers on the Map
Answers color-coded by a green-red scale on the quiz's map according to % correct below.
 
Answer Stats
Year Joined Answer % Correct
1996 Angola
97%
1996 Brazil
97%
1996 Portugal
97%
1996 São Tomé and Príncipe
90%
1996 Mozambique
83%
1996 Cape Verde
77%
2002 East Timor
73%
1996 Guinea Bissau
63%
2014 Equatorial Guinea
47%
No matching quizzes found
Score Distribution
Percent of People with Each Score
Percentile by Number Answered
Your Score History
You have not taken this quiz